书目信息 |
| 题名: |
篮球教学
|
|
| 作者: | 克劳斯, , 克林斯曼, 著 ;潘祥 编译 | |
| 分册: | ||
| 出版信息: | 北京 北京体育大学出版社 2005.01 |
|
| 页数: | 207页 | |
| 开本: | 26cm | |
| 丛书名: | 现代体育运动技术教学教案丛书 | |
| 单 册: | ||
| 中图分类: | G841.19 | |
| 科图分类: | ||
| 主题词: | 篮球运动--lan qiu yun dong--运动技术 | |
| 电子资源: | ||
| ISBN: | 7-81100-221-3 | |
| 000 | 01098nam 2200265 450 | |
| 001 | 012006268516 | |
| 005 | 20060914160303.54 | |
| 010 | @a7-81100-221-3@dCNY30.00 | |
| 100 | @a20060716d2005 km y0chiy0120 ea | |
| 101 | 1 | @achi@ceng |
| 102 | @aCN@b110000 | |
| 105 | @aa z 000yy | |
| 200 | 1 | @a篮球教学@Alan qiu jiao xue@f彼德·克林斯曼, 史蒂芬·克劳斯著@Fbi de·ke lin si man,shi di fen·ke lao si zhu@g潘祥编译@Gpan xiang bian yi |
| 210 | @a北京@c北京体育大学出版社@d2005.01 | |
| 215 | @a207页@c图@d26cm | |
| 225 | 2 | @a现代体育运动技术教学教案丛书@Axian dai ti yu yun dong ji shu jiao xue jiao an cong shu |
| 330 | @a本书分为技术篇、战术篇和教学篇三篇,回答了“我们应当采取什么方法进入篮球课堂的教学”、“针对一个专题,我们应该选用哪些练习形式、比赛形式”等问题。 | |
| 410 | 0 | @12001 @a现代体育运动技术教学教案丛书 |
| 606 | 0 | @a篮球运动@Alan qiu yun dong@x运动技术 |
| 690 | @aG841.19@v4 | |
| 701 | 1 | @a克劳斯,@Ake lao si,@b史蒂芬@4著 |
| 701 | 1 | @a克林斯曼,@Ake lin si man,@b彼德@4著 |
| 702 | 0 | @a潘祥@Apan xiang@4编译 |
| 801 | 0 | @aCN@bQSSK@c20060914 |
| 905 | @a10447@dG841.19@eK656 | |
| 篮球教学/彼德·克林斯曼, 史蒂芬·克劳斯著/潘祥编译.-北京:北京体育大学出版社,2005.01 |
| 207页:图;26cm.-(现代体育运动技术教学教案丛书) |
| ISBN 7-81100-221-3:CNY30.00 |
| 本书分为技术篇、战术篇和教学篇三篇,回答了“我们应当采取什么方法进入篮球课堂的教学”、“针对一个专题,我们应该选用哪些练习形式、比赛形式”等问题。 |
| ● |
| 相关链接 |
|
|
|
正题名:篮球教学
索取号:G841.19/K656
 
预约/预借
| 序号 | 登录号 | 条形码 | 馆藏地/架位号 | 状态 | 备注 |
| 1 | 596094 | 205960940 | 社科库409/409社科库 23排1列1层/ [索取号:G841.19/K656] | 在馆 | |
| 2 | 596095 | 205960959 | 社科库409/ [索取号:G841.19/K656] | 在馆 | |
| 3 | 596096 | 205960968 | 社科库409/409社科库 23排1列1层/ [索取号:G841.19/K656] | 在馆 |